Zawody na literę B - Statystyki

Ogólne statystyki
  • Ten quiz został rozwiązany 297 razy
  • Średni wynik to 6 z 16
Statystyki odpowiedzi
Zawód % Poprawnych
barman
73%
biolog
62%
budowlaniec
61%
bramkarz
57%
bibliotekarz
54%
brukarz
53%
barista
48%
barber
41%
bokser
37%
bankier
36%
baletnica
32%
blacharz
24%
behawiorysta
17%
biznesmen
15%
bloger
13%
brafiterka
9%
Nie znaleziono quizów pasujących do podanych kryteriów
Rozkład punktacji
Procent ludzi z każdym wynikiem
Percentyl według liczby udzielonych odpowiedzi
Twoja historia wyników
Nie rozwiązałeś tego quizu